| 000 | 00442nam a2200157 4500 | ||
|---|---|---|---|
| 001 | 123738 | ||
| 003 | ES-MaACL | ||
| 005 | 20230906192229.0 | ||
| 007 | t| | ||
| 008 | 070214s1912 xxk r ||||1| eng d | ||
| 100 | 1 |
_aRait, Robert Sangster. _995041 |
|
| 245 | 1 | 0 |
_aLife in the medieval university / _cRobert S. Rait. |
| 260 |
_aCambridge : _bUniversity Press, _c1912. |
||
| 300 |
_aVIII, 164 p. ; _c17 x 11 cm. |
||
| 852 |
_aES-MaACL _jF-3017 |
||
| 999 |
_c123738 _d123738 |
||